000 00857nam a2200241 i 4500
001 bg
100 1 _aWIERSZYŁŁOWSKI, Ignacy Anrzej
245 1 0 _aDochodzenie do temperatury przemiany izotermicznej a kinetyka tej przemiany :
_bteoria, symulacje, eksperymenty /
_cIgnacy Andrzej Wierszyłłowski.
260 _aPoznań :
_bWydaw. PP,
_c1998.
300 _a90, [2] s. :
_bwykr. ;
_c24 cm.
490 1 _aRozprawy / Politechnika Poznańska,
_x0551-6528 ;
_vnr 339
500 _aStreszcz ang.
504 _aBibliogr. s. 88-90.
650 9 _aPrzemiany fazowe
_xbadanie
650 9 _aTermodynamika techniczna
_xteoria
650 9 _aSymulacja
_xstosowanie
_xtechnika
830 0 _aRozprawy (Politechnika Poznańska) ;
_vnr 339
040 _cBPK
041 0 _apl
_ben
080 _a621.1.01:536.7
942 _cKS
008 s pl f |000 0 pol
999 _c36542
_d36542
856 _uhttp://koha.tu.koszalin.pl/cgi-bin/koha/opac-detail.pl?biblionumber=36542
_yKatalog online BPK